000 00757cai a22001815a 4500
001 E148050
008 090716u xxk g 000 0 eng d
035 _a(Sirsi) u148050
041 0 _aeng
110 2 _aUnited Kingdom
_bHM Government
_95056
245 0 0 _aLow carbon transition
_h[electronic resource]
520 _aProvides information and news related to the Government's initiative to move towards a low carbon future. Includes news, photos, publications and links.
590 _aKA NTK
651 4 _aUnited Kingdom
_y1973-
690 _aENVIRONMENTAL AND LAND CONSULTANCY-ENERGY-ENERGY USE-ENERGY EFFICIENCY
856 4 0 _uhttps://interactive.bis.gov.uk/lowcarbon/
_zView the website free of charge at interactive.bis.gov.uk/lowcarbon/...
942 _n0
999 _c120817
_d120817